000
00331 a2200157 4500
001
74853
020
_a
978857503691-4
040
_c
Anchieta - Colégio São Paulo
100
_a
Bloch, Serge
240
1
0
_a
O inimigo
_l
por
245
1
0
_a
O inimigo
300
_a
64
362
0
_a
2008
650
4
_a
Literatura juvenil
942
_c
BK
999
_c
74853
_d
74853